Fundamentos de la teoría y práctica del catering.

Saved in:
Bibliografiske detaljer
Hovedforfatter: Taylor, Eunice (autora)
Andre forfattere: Taylor, Jerry (autor)
Format: Bog
Udgivet: Zaragoza, España: Acribia, 2001.
Fag:
Tags: Tilføj Tag
Ingen Tags, Vær først til at tagge denne postø!

MARC

LEADER 00000nam a22000007a 4500
003 CL-VaPUC
005 20250407202437.0
008 250306t2001 ||||| |||| 00| 0 spa d
999 |c 447137  |d 447135 
020 |a 978-84-200-0932-2 
040 |c Pontificia Universidad Católica de Valparaíso 
082 7 |a 642.4 TAY 2001  |2 23 
100 1 |a Taylor, Eunice  |e autora  |9 896366 
245 |a Fundamentos de la teoría y práctica del catering.  
260 |a Zaragoza, España:  |b Acribia,   |c 2001. 
300 |a XIX, 444 páginas :  |b ilustraciones.  
500 |a c.1.-c.2. Instituto Arcos 8-1-2025. 
583 |c 20250306  |k Cristina María Rojas Aguilar 
650 |a Servicio de catering  |9 896367 
650 |a Servicio de alimentación   |9 896368 
700 |a Taylor, Jerry  |e autor  |9 896369 
942 |2 ddc  |c BK  |n 0 
952 |0 0  |1 0  |2 ddc  |4 0  |6 642_400000000000000_TAY_2001  |7 0  |8 A  |9 600683  |a BIBINC  |b BIBINC  |d 2025-03-06  |e Instituto Arcos  |i 5665631  |o 642.4 TAY 2001  |p 5665631  |r 2025-03-06  |t 1  |w 2025-03-06  |y BK  |k IFP 
952 |0 0  |1 0  |2 ddc  |4 0  |6 642_400000000000000_TAY_2001  |7 0  |8 A  |9 600684  |a BIBINC  |b BIBINC  |d 2025-03-06  |e Instituto Arcos  |i 5665632  |o 642.4 TAY 2001  |p 5665632  |r 2025-03-06  |t 2  |w 2025-03-06  |y BK  |k IFP